|
|
|
|
| LEADER |
00000nab a2200000 a 4500 |
| 001 |
vtls000631421 |
| 003 |
SK-MaSNL |
| 005 |
20260304215540.0 |
| 008 |
140422c1997 xo 0 slo |
| 015 |
|
|
|a SNBRB19rr/mm-uuuuu
|
| 035 |
|
|
|a CL0631560
|
| 040 |
|
|
|a SNKBUCL
|b slo
|c SNKBUCL
|e AACR2
|
| 041 |
0 |
|
|a slo
|
| 044 |
|
|
|a xo
|c SK
|
| 080 |
|
|
|a 792.5
|2 1981
|
| 100 |
1 |
|
|a Blahynka, Miloslav,
|d 1961-2011
|4 aut
|9 102187
|
| 245 |
1 |
0 |
|a Harmonická čarovná flauta
|b Mozartov operný epilóg prvýkrát v Banskej Bystrici
|c Miloslav Blahynka
|
| 300 |
|
|
|b Fotogr. 1
|
| 500 |
|
|
|a Réžia Pavol Smolík
|
| 600 |
1 |
7 |
|a Mozart, Wolfgang Amadeus,
|d 1756-1791
|t Čarovná flauta
|2 snkbucl
|9 109863
|
| 610 |
2 |
7 |
|a Štátna opera Banská Bystrica
|2 snkbucl
|9 32008
|
| 655 |
|
7 |
|a recenzie
|2 snkbucl
|9 21907
|
| 655 |
|
7 |
|a články z novín a časopisov
|2 snkbucl
|9 267496
|
| 700 |
1 |
|
|a Smolík, Pavol,
|d 1964-
|4 aut
|9 117698
|
| 773 |
0 |
|
|t Literárny týždenník
|g Roč. 10, č. 26 (1997), s. 15
|x 0862-5999
|
| 850 |
|
|
|a Slovenská národná knižnica v Martine
|a MTA001
|
| 852 |
|
|
|a SNK
|b KIS3GCP
|
| 992 |
|
|
|a RBX
|
| 999 |
|
|
|c 3146915
|d 3148845
|